000 01121nam a2200217Ia 4500
999 _c37242
_d37242
003 OSt
005 20210406104006.0
008 160316s2011 xxu||||| |||| 00| 0 eng d
020 _a9780415550512
040 _cn
082 _a345.052700
_bMAC
100 _aMacken Claire
245 _aCounter-terrorism and the detention of suspected terrorists : Preventive detention and international human rights law
260 _aLondon
_bRoutledge
_c2011
300 _a208p
_cxix
365 _b Rs. 3,018
505 _aContents: 1. Background and Definitions; 2. The Legal Framework; 3. Preventative Confinement under an Intelligence Model of Counter-Terrorism Policy; 4. Preventative Confinement under a War Model of Counter-Terrorism Policy; 5. Preventative Confinement in a Criminal Justice Model of Counter-Terrorism Policy; 6. Suggestions to Governments as to how to Improve Preventative Confinement Laws in State Counter-Terrorism Policy Models; 7. Summary and Conclusions.
650 _a1. Preventive Detention 2. Terrorism - Prevention - Law & Legislation 3. Human Rights
700 _a
_a
942 _2ddc
_cBK